| 000 | 00894nam a22002657a 4500 | ||
|---|---|---|---|
| 005 | 20170123162342.0 | ||
| 010 | _aA-941768 | ||
| 020 | _c25.00 | ||
| 035 | _aA-941768 | ||
| 037 | _bCen Lib/Ret | ||
| 040 |
_aDPL _bUR |
||
| 082 |
_a846 _bخ و ش |
||
| 245 |
_aجوش ملررہ آبادی کے خطوط / _cمرتب خلیق انجم |
||
| 246 |
_aJosh Malih Abadi ke khatoot / _bedited by Khaleeq Anjum |
||
| 260 |
_aنیی دہلی _bانجمن ترقی اردو _c1998 |
||
| 270 |
_bنیی دہلی _aاردو گھر مارگ _e110002 |
||
| 300 |
_a247p. _c21cm(Hb) |
||
| 500 | _aاشاریہ شامل | ||
| 650 |
_aادب -- اردو _9127625 |
||
| 650 |
_aاردو سوانے عمری _9127626 |
||
| 650 |
_aUrdu literature _9127627 |
||
| 650 |
_aUrdu -- biography _9511 |
||
| 700 |
_aخلیق انجم _9127628 |
||
| 942 |
_2ddc _cUR _h846 _mخ و ش |
||
| 999 |
_c108566 _d108566 |
||